<?xml version="1.0" encoding="UTF-8"?><?xml-stylesheet type="text/xsl" href="static/style.xsl"?><OAI-PMH xmlns="http://www.openarchives.org/OAI/2.0/" xmlns:xsi="http://www.w3.org/2001/XMLSchema-instance" xsi:schemaLocation="http://www.openarchives.org/OAI/2.0/ http://www.openarchives.org/OAI/2.0/OAI-PMH.xsd"><responseDate>2026-04-27T20:24:12Z</responseDate><request verb="GetRecord" identifier="oai:uvadoc.uva.es:10324/5538" metadataPrefix="marc">https://uvadoc.uva.es/oai/request</request><GetRecord><record><header><identifier>oai:uvadoc.uva.es:10324/5538</identifier><datestamp>2021-06-29T09:59:25Z</datestamp><setSpec>com_10324_38</setSpec><setSpec>col_10324_852</setSpec></header><metadata><record xmlns="http://www.loc.gov/MARC21/slim" xmlns:doc="http://www.lyncode.com/xoai" xmlns:xsi="http://www.w3.org/2001/XMLSchema-instance" xmlns:dcterms="http://purl.org/dc/terms/" xsi:schemaLocation="http://www.loc.gov/MARC21/slim http://www.loc.gov/standards/marcxml/schema/MARC21slim.xsd">
<leader>00925njm 22002777a 4500</leader>
<datafield tag="042" ind1=" " ind2=" ">
<subfield code="a">dc</subfield>
</datafield>
<datafield tag="720" ind1=" " ind2=" ">
<subfield code="a">Carnero Quintana, Alina</subfield>
<subfield code="e">author</subfield>
</datafield>
<datafield tag="260" ind1=" " ind2=" ">
<subfield code="c">2014</subfield>
</datafield>
<datafield tag="520" ind1=" " ind2=" ">
<subfield code="a">El dolor crónico se ha convertido en una de las mayores amenazas de la población mundial, ya que&#xd;
más allá de ser un síntoma se considera una enfermedad que engloba varias esferas de la vida del&#xd;
paciente.&#xd;
Resumen&#xd;
Siempre asociamos dolor, con el consumo de analgésicos, sin embargo, no se limita solo a eso,&#xd;
sino que el manejo y tratamiento del dolor, es algo mucho más amplio que incluye tanto los&#xd;
aspectos físicos como los psicológicos y sociales de la persona.&#xd;
El profesional de Enfermería, con la responsabilidad de evaluar el bienestar físico y psicológico del&#xd;
paciente y de valorar la respuesta al tratamiento, tiene un papel crucial en el control y manejo del&#xd;
dolor, mediante la elaboración de planes de cuidados que incluyan intervenciones no&#xd;
farmacológicas que favorezcan el alivio del dolor como son la comunicación, la empatía, o la&#xd;
educación sanitaria.&#xd;
Hoy en día existe una amplia variedad de técnicas que ayudan a paliar el dolor como son la&#xd;
iontoforesis, los parches de Qutenza® o los equipos de electroestimulación.&#xd;
El personal de enfermería mediante la utilización de entrevistas personales, el uso de escalas de&#xd;
medición del dolor, el empleo de técnicas de tratamiento, el abordaje psicosocial y la educación&#xd;
sanitaria, se encargará de proporcionar un alivio integral en aquellas personas que padecen dolor&#xd;
crónico</subfield>
</datafield>
<datafield tag="024" ind2=" " ind1="8">
<subfield code="a">http://uvadoc.uva.es/handle/10324/5538</subfield>
</datafield>
<datafield ind1=" " ind2=" " tag="653">
<subfield code="a">Dolor - Enfermería</subfield>
</datafield>
<datafield tag="245" ind1="0" ind2="0">
<subfield code="a">El papel de la enfermería en el manejo del dolor.</subfield>
</datafield>
</record></metadata></record></GetRecord></OAI-PMH>